| 000 | 00314nam a22001097a 4500 | ||
|---|---|---|---|
| 008 | 230621b xxu||||| |||| 00| 0 eng d | ||
| 082 |
_a328.3 _bCPA 1997 |
||
| 245 | _aSummary Report of the Commonwealth Parliamentary Association | ||
| 260 |
_aZimbabwe _bParliament of Zimbabwe _c1997 |
||
| 300 | _a47p | ||
| 942 |
_2ddc _cBK |
||
| 999 |
_c2184 _d2184 |
||